000 01012cam a22002054a 4500
005 20250605164020.0
008 250528s ||||||||||||||||||||||||d
035 _a16301
020 _a471416215
040 _aGR-AtMCL
_bgre
_dGR-AtMCL
_eAACR2
245 1 _aWorld Wide Web Marketing / Integrating the Web into Your Marketing Strategy Third Edition
250 _a3rd
260 _bJohn Wiley And Sons, Inc,
_c2001
300 _a410
520 _aThe Keys to understanding how to maximize your organization's Web marketing initiatives. Acknowledgements, Introduction, Customer Service First, The Usable Web - Be Kind to Your Users, Interactivity Goes with the Flow, Selling Services, Feedback, Value-Added Marketing - It's Personal, Personalization - Getting to Know You, Partner Relationship Management, Attracting Attention, Measure for Measure, Managing Your Site and Your Sanity, Looking Toward the Future, Index.
700 1 _aSterne Jim
_92383
942 _cBK
999 _c1816
_d1816